Quiz sur les villes - Statistiques

Statistiques générales
  • Ce quiz a été pris 110 fois
  • Le résultat moyen est 8 sur 17
Statistiques - réponses
Questions Réponses % Correct
Quelle ville a été longtemps séparée par un mur ? Berlin ( Allemagne )
89%
Quelle ville américaine accueille la Maison Blancheet le Capitole ? Washington D. C. ( États-Unis )
89%
Dans quelle ville se trouve La Sagrada Familia ? Barcelone ( Espagne )
86%
Dans quelle ville se trouve la fontaine de Trévi ? Rome ( Italie )
80%
Quel est la capitale la plus au nord ? Reykjavik ( Islande )
74%
Quel est la capitale la plus au sud ? Wellington ( Nouvelle-Zélande )
65%
Quelle ville a une sirène pour symbole ? Copenhague ( Danemark )
61%
Quel est la capitale la plus haute ? La Paz ( Bolivie )
55%
Dans quelle ville se trouve le basilique Sainte-Sophie ? Istanbul ( Turquie )
54%
Quelle ville est connue pour ses faïences bleues ? Lisbonne ( Portugal )
34%
Quelle est la capitale la plus récentes ? Djouba ( Soudan du Sud )
27%
quel est la capitale la plus dangereuse ? Caracas ( Venezuela )
14%
Quel est la capitale la plus petite ? Malé ( Maldives )
12%
Quelle est la ville la plus basse ? Jericho ( Palestine )
8%
Quelle est la capitale la plus rurale ? Thimphu ( Bhoutan )
6%
Quelle est la capitale la moins peuplée ? Melekeok ( Palaos )
5%
Quelle est la ville la plus froide du monde ? Lakoutsk ( Russie )
3%
Aucun quiz correspondant
Distribution des résultats
% des personnes avec chaque résultat
Percentile par nombre de réponses
Votre historique - résultats
Vous n’avez pas pris ce quiz